England Captains at Major Tournaments - Statistics

General Stats
  • This quiz has been taken 577 times
  • The average score is 8 of 13
Answer Stats
Captain % Correct
Harry Kane
96%
Bobby Moore
90%
Steven Gerrard
87%
David Beckham
86%
Wayne Rooney
75%
Alan Shearer
74%
Gary Lineker
68%
Tony Adams
68%
Bryan Robson
64%
Kevin Keegan
39%
Billy Wright
30%
Mick Mills
27%
Johnny Haynes
6%
No matching quizzes found
Score Distribution
Percent of People with Each Score
Percentile by Number Answered
Your Score History
You have not taken this quiz